[Event "TORO 2016"]
[Site "Gatineau"]
[Date "2016.06.03"]
[Round "1"]
[White "Sambuev, Bator"]
[Black "Palsson, Halldor"]
[Result "1-0"]
[BlackElo "2055"]
[EventDate "2016.06.04"]
[SourceDate "2016.06.04"]
[WhiteElo "2645"]

1.d4 d5 2.Nf3 e6 3.e3 c6 4.Bd3 Bd6 5.O-O f5 6.b3 Qe7 7.Bb2 Nf6 8.Qc1 b6 9.Ba3
O-O 10.Bxd6 Qxd6 11.c4 Nbd7 12.Qa3 Ne4 13.cxd5 exd5 14.Bxe4 Qxa3 15.Bxd5+
cxd5 16.Nxa3 Ba6 17.Rfc1 Rac8 18.Nc2 Nf6 19.Ne5 Bb7 20.Nb4 a5 21.Nbd3 Rfd8
22.f3 Kf8 23.h4 Ke7 24.Kf2 Kd6 25.Nf7+ 1-0

[Event "TORO 2016"]
[Site "Gatineau"]
[Date "2016.06.03"]
[Round "1"]
[White "Gordon, David"]
[Black "Fan Yang"]
[Result "1-0"]
[BlackElo "2021"]
[EventDate "2016.06.03"]
[WhiteElo "2310"]

1.d4 d5 2.Bf4 Nf6 3.e3 Bf5 4.c4 e6 5.Qb3 b6 6.Nc3 c6 7.Nf3 Nbd7 8.cxd5 Nxd5
9.Nxd5 cxd5 10.Ba6 Be7 11.O-O O-O 12.Rfc1 Nf6 13.Bc7 Qe8 14.Ne5 Kh8 15.Bb5
Qc8 16.Bxb6 Qb7 17.Rc7 Qxb6 18.Rxe7 Rac8 19.Rxf7 Rxf7 20.Nxf7+ Kg8 21.Ne5 h6
22.Ba4 Qd6 23.Qb7 Rc7 24.Qb8+ Kh7 25.Rf1 Ne4 26.f3 Nd2 27.Nf7 Qe7 28.Qh8+ Kg6
29.Ne5+ Kf6 30.Rd1 Nc4 31.Nxc4 Rxc4 32.Bb3 Rc7 33.g4 Bg6 34.h4 Qd6 35.Kg2 Bc2
36.Rc1 Bxb3 37.Rxc7 Qxc7 38.g5+ hxg5 39.hxg5+ Kxg5 40.axb3 Kf6 41.Qf8+ Kg6
42.Qc5 Qf7 43.b4 Kh6 44.Kf2 g5 45.Qd6 Qf5 46.Kg3 Kh5 47.Qe7 a6 48.b5 axb5
49.Qe8+ Kh6 50.Qxb5 Qb1 51.Kf2 Qc2+ 52.Qe2 Qa4 53.Kg3 Qa1 54.Kg2 Qa4 55.Qd2
Qc6 56.b4 Qb7 57.Qb2 Qb5 58.Kf2 Qb8 59.Kg2 Qb5 60.Qd2 Qc6 61.Kg3 Qa8 62.Kg4
Qb8 63.e4 Qd8 64.Qh2+ Kg7 65.Qe5+ Kf7 66.Qxg5 Qb6 67.exd5 Qxb4 68.dxe6+ Kxe6
69.Qf5+ 1-0

[Event "TORO 2016"]
[Site "Gatineau"]
[Date "2016.06.03"]
[Round "1"]
[White "Demchenko, Svitlana"]
[Black "Mahdjoubi, Abdelaziz"]
[Result "1-0"]
[BlackElo "1918"]
[EventDate "2016.06.03"]
[SourceDate "2016.06.04"]
[WhiteElo "2063"]

1.e4 e5 2.Nf3 Nc6 3.Bc4 Nf6 4.Ng5 d5 5.exd5 Na5 6.Bb5+ c6 7.dxc6 bxc6 8.Qf3
Bb7 9.Ba4 Qd4 10.Bb3 Nxb3 11.Qxb3 Qd7 12.O-O Bd6 13.Nc3 O-O 14.Nge4 Nxe4
15.Nxe4 Be7 16.d3 Kh8 17.Qc3 Qd5 18.f3 f5 19.Nd2 Bc5+ 20.Kh1 Rae8 21.Nb3 Bb6
22.a4 a5 23.Bd2 c5 24.Qc4 Qd6 25.Bxa5 Ba7 26.Qh4 Rf6 27.Bc3 Rh6 28.Qg5 Bc8
29.Rae1 Rf6 30.Qe3 Rfe6 31.Na5 f4 32.Qe4 Bb6 33.Nc4 Qe7 34.Nxb6 Rxb6 35.Qxe5
Re6 36.Qxf4 Rxe1 37.Bxe1 Qxe1 38.Qf8+ Rxf8 39.Rxe1 h6 40.Re5 Bd7 41.Rxc5 Bxa4
42.Kg1 Kh7 43.b3 Bd7 44.Rd5 Bc6 45.Rd6 Ba8 46.Kf2 Re8 47.b4 Kg8 48.c4 Kf7
49.Rd7+ Kf6 50.b5 Ke6 51.Rxg7 Ke5 52.Rd7 Ke6 53.Rh7 Ke5 54.Rxh6 Kd4 55.Rd6+
Kc3 56.c5 Kb4 57.c6 Kxb5 58.c7 Rc8 59.Rd8 Bb7 60.Rxc8 Bxc8 61.Ke3 Kc6 62.Ke4
Kxc7 63.Ke5 Kd7 64.f4 Ke7 65.f5 Kf7 66.g4 Bb7 67.g5 Bg2 68.h4 Kg7 69.d4 Bf3
70.d5 Bh5 71.d6 Kf7 72.g6+ 1-0

[Event "TORO 2016"]
[Site "Gatineau"]
[Date "2016.06.03"]
[Round "1"]
[White "Sadeghi, Saeid"]
[Black "Diver, Patrick"]
[Result "1-0"]
[BlackElo "1960"]
[EventDate "2016.06.03"]
[WhiteElo "2169"]

1.d4 d5 2.c4 c6 3.Nf3 Nf6 4.g3 e6 5.Bg2 Be7 6.O-O O-O 7.Nc3 Nbd7 8.b3 Re8
9.Qc2 Nb6 10.c5 Nbd7 11.b4 b6 12.e4 dxe4 13.Nxe4 Nd5 14.Rb1 N7f6 15.Ne5 Bb7
16.Ng5 Rf8 17.Bh3 Nc7 18.Bf4 Bc8 19.Nxc6 Qd7 20.Ne5 Qd8 21.Nc6 Qd7 22.Nxe7+
Qxe7 23.Bd6 Qe8 24.Bxf8 Qxf8 25.cxb6 Ncd5 26.bxa7 h6 27.Nf3 Bb7 28.Qc5 Qd8
29.Bg2 Ne4 30.Qa5 Qf6 31.Qb5 Qe7 32.Qd3 Nec3 33.b5 Rxa7 34.Rb2 Nxa2 35.Qe2
Nac3 36.Qc2 Qe8 37.Ne5 Nxb5 38.Qc5 Ndc7 39.Nc6 Bxc6 40.Bxc6 Qb8 41.Rfb1 Ra5
42.Bxb5 Qd8 43.Qb6 Ra8 44.Rc2 Nd5 45.Qxd8+ Rxd8 46.Rbc1 Nb6 47.Rc6 Nd5 48.Rc8
Rxc8 49.Rxc8+ Kh7 50.Bd3+ g6 51.h4 Kg7 52.Be4 Nf6 53.Bc6 g5 54.Kg2 Nh5
55.hxg5 hxg5 56.Rc7 Nf6 57.f3 Kg6 58.Be4+ Kg7 59.Rc5 Kh6 60.Kf2 g4 61.Ke3
gxf3 62.Kxf3 Kg7 63.Rc1 Nd7 64.Rh1 Nf6 65.Bc6 Nh7 66.Rxh7+ Kxh7 67.Kf4 Kg7
68.Ke5 Kg6 69.Be8 Kg7 70.Bd7 Kg6 71.Bxe6 fxe6 72.Kxe6 1-0

[Event "TORO 2016"]
[Site "Gatineau"]
[Date "2016.06.03"]
[Round "1"]
[White "Turcotte, Jonathan"]
[Black "Lemieux, Serge"]
[Result "1/2-1/2"]
[BlackElo "1706"]
[EventDate "2016.??.??"]
[WhiteElo "2060"]

1.d4 e6 2.c4 c6 3.Nf3 d5 4.Bg5 Nf6 5.Nc3 Be7 6.e3 Nbd7 7.Rc1 Ne4 8.Bxe7 Qxe7
9.Bd3 Nxc3 10.Rxc3 Nf6 11.O-O Bd7 12.Ne5 O-O 13.Qc2 Rac8 14.b4 a6 15.c5 Be8
16.a4 g6 17.b5 cxb5 18.axb5 Bxb5 19.Bxb5 axb5 20.f3 Nd7 21.Nxd7 Qxd7 22.Rb1
Ra8 23.Rcb3 Ra5 24.Qe2 Rfa8 25.Rxb5 Ra1 26.Rb2 Qc6 27.Qb5 Rxb1+ 28.Rxb1 Ra1
29.Qb2 Rxb1+ 30.Qxb1 Qa6 31.Kf2 Kg7 32.Qb3 Qc6 33.g3 h6 1/2-1/2

[Event "TORO 2016"]
[Site "Gatineau"]
[Date "2016.06.03"]
[Round "1"]
[White "Sivapathasundaram, Manojh"]
[Black "Yao, Sammy"]
[Result "0-1"]
[BlackElo "2063"]
[EventDate "2016.??.??"]
[SourceDate "2016.06.04"]
[WhiteElo "1846"]

1.d4 d6 2.c4 g6 3.Nc3 f5 4.h4 Nf6 5.g3 c6 6.d5 cxd5 7.cxd5 Bg7 8.Bg2 O-O
9.Bf4 Nh5 10.Bg5 f4 11.Bxf4 Nxf4 12.gxf4 Rxf4 13.e3 Rb4 14.Qc2 Na6 15.h5 Nc5
16.hxg6 Rxb2 17.gxh7+ Kh8 18.Qxb2 Nd3+ 0-1

[Event "TORO 2016"]
[Site "Gatineau"]
[Date "2016.06.03"]
[Round "1"]
[White "Dunne, Francesco"]
[Black "Libersan, Mattieu"]
[Result "1-0"]
[BlackElo "2004"]
[EventDate "2016.??.??"]
[SourceDate "2016.06.04"]
[WhiteElo "2197"]

1.e4 e5 2.Nf3 f5 3.Nxe5 Nc6 4.d4 Qf6 5.Nxc6 dxc6 6.e5 Qf7 7.Be2 Be6 8.O-O
O-O-O 9.c3 Ne7 10.Qa4 Kb8 11.f4 Nd5 12.Rd1 Be7 13.Qc2 g5 14.fxg5 f4 15.c4 Ne3
16.Bxe3 fxe3 17.Rf1 Qg7 18.Qe4 Bxg5 19.Nc3 Rhf8 20.d5 cxd5 21.cxd5 Bf7 22.e6
Bg6 23.Qb4 Rf2 24.Bf3 Rf8 25.d6 R8xf3 26.gxf3 Qh6 27.dxc7+ Kc8 28.h4 Bxh4
29.Qg4 Be7 30.Rxf2 exf2+ 31.Kg2 Qd2 32.Rf1 Kxc7 33.Rxf2 Qd3 34.Qd4 Qxd4
35.Nb5+ Kc6 36.Nxd4+ Kd5 37.Rd2 Bf6 38.Ne2+ Kxe6 39.Nf4+ Kf5 40.Nxg6 hxg6
41.b3 b6 42.Rd7 a5 43.Rd6 g5 44.Rxb6 Bc3 45.a3 g4 46.Rb5+ Kf4 47.fxg4 Kxg4
48.Rc5 Bd2 49.b4 axb4 50.axb4 Kf4 51.b5 Be3 52.Rc6 Ke5 53.b6 Kd5 54.b7 1-0

[Event "TORO 2016"]
[Site "Gatineau"]
[Date "2016.06.04"]
[Round "2"]
[White "Simic, Dusan"]
[Black "Sambuev, Bator"]
[Result "0-1"]
[BlackElo "2645"]
[EventDate "2016.06.04"]
[SourceDate "2016.06.04"]
[WhiteElo "2165"]

1.d4 Nf6 2.Nf3 e6 3.e3 b6 4.Bd3 Bb7 5.Nbd2 c5 6.c3 d5 7.Ne5 Bd6 8.f4 O-O
9.O-O Ne4 10.Nxe4 dxe4 11.Be2 cxd4 12.exd4 Nc6 13.Be3 Ne7 14.Kh1 f6 15.Nc4
Bc7 16.Qe1 Nd5 17.Bg4 f5 18.Bd1 Ba6 19.Bb3 Rc8 20.Rd1 Bb8 21.Nd2 Bxf1 22.Nxf1
Qe8 23.Qf2 b5 24.g3 a5 25.a3 Bd6 26.Bc1 b4 27.axb4 a4 28.Bxd5 exd5 29.Qe2 a3
30.bxa3 Rxc3 31.Ne3 Qf7 32.Qa6 Rd8 33.b5 Qh5 34.Qa4 Rxe3 0-1

[Event "TORO 2016"]
[Site "Gatineau"]
[Date "2016.06.04"]
[Round "2"]
[White "Yao, Sammy"]
[Black "Gordon, David"]
[Result "1/2-1/2"]
[BlackElo "2310"]
[EventDate "2016.??.??"]
[SourceDate "2016.06.04"]
[WhiteElo "2063"]

1.c4 e6 2.g3 d5 3.Bg2 Nf6 4.Nf3 c5 5.cxd5 Nxd5 6.O-O Nc6 7.Nc3 Be7 8.d4 cxd4
9.Nxd5 exd5 10.Nxd4 O-O 11.Nb5 Be6 12.Bf4 Rc8 13.Rc1 Qb6 14.Nc3 Qxb2 15.Rc2
Qa3 16.Nxd5 Rfd8 17.Nxe7+ Qxe7 18.Qa1 Bd5 19.Bxd5 Rxd5 20.Qb2 Rcd8 21.Be3 Qd7
22.Rc5 b6 23.Rxd5 Qxd5 24.Rc1 f6 25.Qa3 Rd7 26.Qa4 Ne5 27.Rc8+ Kf7 28.Qb3
Qxb3 29.axb3 Ke6 30.Kg2 Kd5 31.h3 Nc6 32.f4 f5 33.Kf3 g6 34.Bf2 b5 35.g4 Nd4+
36.Bxd4 Kxd4 37.gxf5 gxf5 38.e3+ Kd5 39.b4 Ke6 40.Rc5 Rd5 41.Rc7 Rd7 42.Rxd7
Kxd7 43.e4 a5 44.bxa5 b4 45.a6 b3 46.a7 fxe4+ 47.Ke3 b2 48.a8=Q b1=Q 49.Qxe4
Qe1+ 50.Kd4 Qa1+ 51.Kd5 Qa5+ 52.Kc4 Qa4+ 53.Kd3 Qd1+ 54.Ke3 Qe1+ 55.Kd4
1/2-1/2

[Event "TORO 2016"]
[Site "Gatineau"]
[Date "2016.06.04"]
[Round "2"]
[White "Durette, Francis"]
[Black "Kuryliw, Ray"]
[Result "1/2-1/2"]
[BlackElo "1987"]
[EventDate "2016.??.??"]
[SourceDate "2016.06.04"]
[WhiteElo "1968"]

1.e4 e6 2.d4 d5 3.exd5 exd5 4.Nf3 Nf6 5.c4 c6 6.Nc3 Be7 7.a3 O-O 8.Be2 h6
9.O-O Be6 10.c5 Nbd7 11.h3 b5 12.b4 Qc7 13.Be3 Ne4 14.Qc1 Nxc3 15.Qxc3 Bf5
16.Bd3 Bxd3 17.Qxd3 Rfe8 18.Rfe1 Bf6 19.Bd2 Nf8 20.Rxe8 Rxe8 21.a4 bxa4
22.Rxa4 Rb8 23.Qa3 Rb7 24.Ra6 Ne6 25.Qa4 Nd8 26.Be3 Qb8 27.Bd2 Qc7 1/2-1/2

[Event "TORO 2016"]
[Site "Gatineau"]
[Date "2016.06.04"]
[Round "2"]
[White "Bleau, John"]
[Black "Turcotte, Jonathan"]
[Result "1/2-1/2"]
[BlackElo "2060"]
[EventDate "2016.??.??"]
[WhiteElo "1955"]

1.d4 d5 2.g3 Nf6 3.Bg2 Bf5 4.Nf3 e6 5.O-O Nbd7 6.Nbd2 Bd6 7.c4 c6 8.Re1 h6
9.c5 Bc7 10.b4 a6 11.Bb2 O-O 12.h3 Qb8 13.Qb3 Re8 14.a4 e5 15.dxe5 Nxe5
16.Nxe5 Bxe5 17.Bxe5 Qxe5 18.Nf3 Qe4 19.Qc3 Qc2 20.Qxc2 Bxc2 21.Nd4 Be4 22.a5
Bxg2 23.Kxg2 Re4 24.e3 Rae8 25.Red1 g6 26.Rac1 Nd7 27.Rc3 Nf8 28.Rb3 Ne6
29.Rbd3 Nxd4 1/2-1/2

[Event "TORO 2016"]
[Site "Gatineau"]
[Date "2016.06.04"]
[Round "2"]
[White "Lemieux, Serge"]
[Black "Devine, Norman"]
[Result "1-0"]
[BlackElo "1959"]
[EventDate "2016.??.??"]
[WhiteElo "1706"]

1.d4 d5 2.e3 Bf5 3.Nf3 e6 4.Bd3 c6 5.O-O Nf6 6.Ne5 Bd6 7.Bxf5 exf5 8.f4 Nbd7
9.Nd2 Qe7 10.c4 Ne4 11.c5 Bc7 12.Nxe4 dxe4 13.b4 Nf6 14.a4 a6 15.Bd2 Qe6
16.Qc2 Bxe5 17.fxe5 Nd5 18.g3 g5 19.b5 axb5 20.axb5 Rxa1 21.Rxa1 cxb5 22.Ra8+
Kd7 23.Rxh8 f4 24.Qb3 Kc6 25.exf4 gxf4 26.Bxf4 Nxf4 27.Qxe6+ Nxe6 28.Rxh7 Ng5
29.Rg7 Nf3+ 30.Kg2 b4 31.Rxf7 Nxd4 32.Rf1 e3 33.e6 b3 34.Rb1 Kc7 35.Kf1 Kd8
36.Ke1 Ke7 37.Rd1 b2 38.Rb1 Kxe6 39.Rxb2 Nf3+ 40.Kf1 { temps. } 1-0

[Event "TORO 2016"]
[Site "Gatineau"]
[Date "2016.06.04"]
[Round "2"]
[White "Diner, Patrick"]
[Black "Léger, Manon"]
[Result "0-1"]
[BlackElo "2035"]
[WhiteElo "1960"]

1.d4 d5 2.Nf3 Nf6 3.Bf4 e6 4.e3 c5 5.c3 Nc6 6.Bd3 Be7 7.Nbd2 Nh5 8.Bg3 Nxg3
9.hxg3 cxd4 10.exd4 g6 11.Nh4 e5 12.Nxg6 fxg6 13.Bxg6+ Kd7 14.Bf5+ Kc7
15.Bxc8 Rxc8 16.dxe5 Nxe5 17.O-O h5 18.Nf3 Ng4 19.Qd4 Kb8 20.Rad1 Bc5 21.Qf4+
Ka8 22.Ne5 Qf6 23.Qxf6 Nxf6 24.Nd3 Bb6 25.Nf4 h4 26.g4 Rhg8 27.Nxd5 Nxd5
28.Rxd5 Rxg4 29.Kh1 Rcg8 30.Rh5 Rxg2 31.f4 Rxb2 32.Rxh4 Rxa2 33.f5 Rf2
34.Rxf2 Bxf2 35.Rh7 a5 36.f6 Bc5 37.f7 Rf8 38.Rg7 a4 39.Rg4 b6 40.Rf4 Kb7
41.Kg2 Kc6 42.Kh3 Kd7 0-1

[Event "TORO 2016"]
[Site "Gatineau"]
[Date "2016.06.04"]
[Round "2"]
[White "Fan Yang"]
[Black "Sivapathasundaram, Manojh"]
[Result "1-0"]
[BlackElo "1846"]
[EventDate "2016.06.04"]
[WhiteElo "2021"]

1.e4 c5 2.Nf3 d6 3.d4 cxd4 4.Nxd4 Nf6 5.Nc3 a6 6.Be3 g6 7.f3 Bg7 8.Bc4 Nc6
9.Qd2 O-O 10.O-O-O Nxd4 11.Bxd4 b5 12.Bb3 Bd7 13.Nd5 Nxd5 14.Bxd5 Rc8 15.Bxg7
Kxg7 16.h4 h5 17.Rdg1 Rh8 18.g4 Bc6 19.gxh5 Rxh5 20.Rg5 Qh8 21.Qc3+ Kh7
22.Bxf7 Qxc3 23.Bxg6+ Kh6 24.Rxh5+ Kxg6 25.Rg5+ Kf6 26.bxc3 Bd7 27.Kd2 Rh8
28.Rgg1 Be6 29.a3 Rh5 30.f4 d5 31.e5+ Kf5 32.Rg5+ Rxg5 33.fxg5 Kxe5 34.h5
1-0

[Event "TORO 2016"]
[Site "Gatineau"]
[Date "2016.06.04"]
[Round "3"]
[White "Yao, Sammy"]
[Black "Demchenko, Svitlana"]
[Result "1/2-1/2"]
[BlackElo "2063"]
[EventDate "2016.??.??"]
[SourceDate "2016.06.04"]
[WhiteElo "2063"]

1.c4 Nf6 2.g3 c6 3.Bg2 d5 4.Nf3 e6 5.O-O Bd6 6.d4 O-O 7.Qc2 Nbd7 8.Nbd2 e5
9.dxe5 Nxe5 10.Nxe5 Bxe5 11.Nf3 Bd6 12.Rd1 Qe7 13.Bg5 Be6 14.cxd5 cxd5 15.Qb3
h6 16.Bxf6 Qxf6 17.Qxb7 Rab8 18.Qxa7 Qxb2 19.Qa6 Be7 20.Nd4 Rb6 21.Qd3 Bf6
22.e3 Rfb8 23.a4 Bxd4 24.Qxd4 Qxd4 25.Rxd4 Rb1+ 26.Rd1 Rxd1+ 27.Rxd1 Ra8
28.Rd4 Ra5 29.h4 Kf8 30.f4 Ke7 31.f5 Bd7 32.Rxd5 Rxa4 33.e4 Bc6 34.Rd2 Rc4
35.Kf2 Kf6 36.Ke3 Ke5 37.Rd8 Rc3+ 38.Rd3 Rxd3+ 39.Kxd3 f6 40.Bf3 Bb5+ 41.Ke3
Bc6 42.Bg2 Bb7 1/2-1/2

[Event "TORO 2016"]
[Site "Gatineau"]
[Date "2016.06.04"]
[Round "3"]
[White "Dunne, Francesco"]
[Black "Lemieux, Serge"]
[Result "1-0"]
[BlackElo "1706"]
[EventDate "2016.??.??"]
[WhiteElo "2197"]

1.e4 e6 2.d4 d5 3.Nd2 dxe4 4.Nxe4 Bd7 5.Nf3 Bc6 6.Bd3 Nf6 7.Nxf6+ Qxf6 8.Bg5
Bxf3 9.Qd2 Bxg2 10.Bxf6 Bxh1 11.Bh4 Nd7 12.O-O-O Bf3 13.Rg1 Bh5 14.d5 Ne5
15.dxe6 fxe6 16.Bb5+ c6 17.Qg5 cxb5 18.Qxh5+ Ng6 19.Rxg6 hxg6 20.Qxh8 Kf7
21.Bg5 Rc8 22.Qh3 Rc7 23.Qf3+ Kg8 24.Qe4 Rc6 25.Qxg6 a6 26.Qe8 1-0

[Event "TORO 2016"]
[Site "Gatineau"]
[Date "2016.06.04"]
[Round "3"]
[White "Libersan, Mattieu"]
[Black "Sadeghi, Saeid"]
[Result "0-1"]
[BlackElo "2169"]
[EventDate "2016.??.??"]
[WhiteElo "2004"]

1.e4 c5 2.Nf3 e6 3.d4 cxd4 4.Nxd4 Nc6 5.Nc3 Qc7 6.Be2 a6 7.O-O Nf6 8.Be3 b5
9.a3 Bb7 10.f4 Rc8 11.e5 Nxd4 12.Bxd4 Nd5 13.f5 Nxc3 14.bxc3 Bd5 15.Bh5 exf5
16.Rxf5 Be6 17.Bxf7+ Bxf7 18.Rxf7 Kxf7 19.Qh5+ Kg8 20.Rf1 Qc4 21.Qg5 Bc5
22.Rf4 Rf8 23.Rxf8+ Bxf8 24.Qd8 Qe6 25.Bc5 Kf7 0-1

[Event "TORO 2016"]
[Site "Gatineau"]
[Date "2016.06.04"]
[Round "3"]
[White "Léger, Manon"]
[Black "Bleau, John"]
[Result "1/2-1/2"]
[BlackElo "1955"]
[WhiteElo "2035"]

1.e4 Nf6 2.Nc3 d5 3.e5 Nfd7 4.d4 e6 5.Nf3 c5 6.Bf4 a6 7.Be2 Nc6 8.dxc5 Bxc5
9.O-O O-O 10.Na4 Be7 11.b3 b5 12.Nb2 b4 13.Qd2 Bb7 14.c4 bxc3 15.Qxc3 Re8
16.Qd2 Bb4 17.Qe3 Bc5 18.Qd2 Bb4 19.Qe3 Bc5 20.Qd2 Bb4 1/2-1/2

[Event "TORO 2016"]
[Site "Gatineau"]
[Date "2016.06.04"]
[Round "3"]
[White "Mahdjoubi, Abdelaziz"]
[Black "Fan Yang"]
[Result "0-1"]
[BlackElo "2021"]
[WhiteElo "1918"]

1.e4 e5 2.Nf3 Nc6 3.Bb5 a6 4.Ba4 Nf6 5.O-O b5 6.Bb3 Be7 7.Re1 Bb7 8.d3 d6
9.c3 O-O 10.Nbd2 h6 11.Nf1 Re8 12.Ng3 Bf8 13.Nh4 Qd7 14.Qf3 Qg4 15.Qxg4 Nxg4
16.Ngf5 Rad8 17.f3 Nf6 18.a4 d5 19.axb5 axb5 20.exd5 Nxd5 21.g3 Nf6 22.Bc2
Nd7 23.Be3 b4 24.Rad1 Nc5 25.d4 exd4 26.cxd4 b3 27.dxc5 bxc2 28.Rc1 Nb4
29.Re2 g6 30.Kf2 Nd3+ 0-1

[Event "TORO 2016"]
[Site "Gatineau"]
[Date "2016.06.04"]
[Round "3"]
[White "Devine, Norman"]
[Black "Larochelle, Martial"]
[Result "0-1"]
[BlackElo "2175"]
[EventDate "2016.06.04"]
[WhiteElo "1959"]

1.d4 d5 2.Bf4 Nf6 3.e3 c5 4.c3 Nc6 5.Nf3 e6 6.Nbd2 Bd6 7.Bg3 O-O 8.Bd3 Re8
9.Ne5 Qc7 10.f4 Bd7 11.Ndf3 h6 12.Bh4 Ne4 13.Nxd7 Qxd7 14.Bxe4 dxe4 15.dxc5
exf3 16.gxf3 e5 17.Qxd6 Qh3 18.Bg3 Rad8 19.fxe5 Rxd6 20.cxd6 Nxe5 21.Bxe5
Qxf3 22.Kd2 Rxe5 23.Rad1 Rd5+ 24.Kc2 Rxd6 25.Rxd6 Qxh1 0-1

[Event "TORO 2016"]
[Site "Gatineau"]
[Date "2016.06.04"]
[Round "3"]
[White "Villeneuve, Robert"]
[Black "Desjardins, Michel"]
[Result "0-1"]
[BlackElo "1959"]
[WhiteElo "2005"]

1.e4 d5 2.exd5 Qxd5 3.Nf3 Bg4 4.Be2 Nc6 5.d4 O-O-O 6.c4 Qa5+ 7.Bd2 Qa6 8.d5
Bxf3 9.Bxf3 Nd4 10.O-O Qxc4 11.Nc3 e5 12.Be3 Nf6 13.Rc1 Bd6 14.Bxd4 Qxd4
15.Qe2 Rhe8 16.Rfd1 Qf4 17.g3 Qg5 18.Nb5 Kb8 19.Qc4 Re7 20.Bg2 h5 21.Rc3 Qg4
22.Qd3 a6 23.Na3 e4 24.Qd2 Bb4 25.h3 Qf5 26.Qc2 Bxc3 27.bxc3 Rxd5 28.Rb1 Red7
29.Nc4 Rb5 30.Re1 Qd5 31.a4 Rc5 32.Ne3 Qd2 33.Qb1 Qxc3 34.g4 hxg4 35.hxg4 Rd2
36.Bxe4 Rb2 0-1

[Event "TORO 2016"]
[Site "Gatineau"]
[Date "2016.06.04"]
[Round "3"]
[White "Sivapathasundaram, Manojh"]
[Black "Palsson, Halldor"]
[Result "0-1"]
[BlackElo "2055"]
[WhiteElo "1846"]

1.d4 d5 2.c4 e6 3.Nc3 c6 4.Nf3 dxc4 5.e3 b5 6.a4 Bb4 7.Bd2 a5 8.Ne5 Nf6
9.axb5 Bxc3 10.Bxc3 cxb5 11.b3 Bb7 12.bxc4 b4 13.Bd2 O-O 14.c5 Nc6 15.Nc4 e5
16.dxe5 Nd7 17.Nd6 Nxc5 18.Nxb7 Nxb7 19.Qf3 Qb6 20.Qh5 a4 21.e6 f5 22.Bd3 g6
23.Qh6 Ne5 24.Bc2 Nc5 25.O-O Nc4 26.Bxb4 Qxb4 27.Rab1 Qc3 0-1

[Event "TORO 2016"]
[Site "Gatineau"]
[Date "2016.06.04"]
[Round "3"]
[White "Turcotte, Jonathan"]
[Black "Durette, Francis"]
[Result "1-0"]
[BlackElo "1968"]
[WhiteElo "2060"]

1.d4 Nf6 2.c4 g6 3.Nc3 Bg7 4.e4 d6 5.Be2 O-O 6.Nf3 e5 7.O-O exd4 8.Nxd4 Nbd7
9.Be3 Re8 10.f3 Ne5 11.Qd2 a5 12.Ndb5 Bd7 13.Bg5 Bc6 14.Rac1 Rc8 15.Na7 Ra8
16.Nab5 Rc8 17.Rfd1 Kh8 18.Rc2 Kg8 19.Rdc1 Kh8 20.Nd5 Bxb5 21.cxb5 c6 22.Nxf6
Bxf6 23.Bxf6+ Qxf6 24.Qxa5 Ra8 25.Qb6 Re7 26.a3 Rd7 27.Rd1 Qf4 28.Qf2 Rc7
29.g3 Qf6 30.f4 Nd7 31.Qd4 Qxd4+ 32.Rxd4 Nf6 33.Bf3 Ne8 34.bxc6 bxc6 35.Rdc4
Rac8 36.Bg4 Rb8 37.Rxc6 Rxc6 38.Rxc6 Nf6 39.Rc8+ Rxc8 40.Bxc8 Nxe4 41.a4 d5
42.a5 Nd6 43.Bb7 d4 44.a6 Nb5 45.Bc6 Na7 46.Ba4 Kg7 47.b4 Kf6 48.b5 Nc8
49.Bb3 d3 50.Kf2 Ke7 51.Ke3 f6 52.Bd5 Kd6 53.Bb7 Kc7 54.Bxc8 Kxc8 55.Kxd3
1-0

[Event "TORO 2016"]
[Site "Gatineau"]
[Date "2016.06.05"]
[Round "4"]
[White "Gordon, David"]
[Black "Sambuev, Bator"]
[Result "0-1"]
[BlackElo "2645"]
[EventDate "2016.06.05"]
[SourceDate "2016.06.05"]
[WhiteElo "2310"]

1.d4 d6 2.e4 Nf6 3.Nc3 e5 4.dxe5 dxe5 5.Qxd8+ Kxd8 6.Bc4 Ke8 7.Nf3 Bd6 8.O-O
a6 9.a4 Nc6 10.Ng5 Nd8 11.f4 Ne6 12.Nxf7 Kxf7 13.f5 Ke7 14.fxe6 Bxe6 15.Bxe6
Kxe6 16.Bg5 Nd7 17.Rf5 g6 18.Rf3 Raf8 19.Raf1 Rxf3 20.Rxf3 c6 21.Kf1 b5 22.b3
Be7 23.Bxe7 Kxe7 24.Ke2 Nc5 25.b4 Ne6 26.Ke3 Rd8 27.axb5 axb5 28.Ne2 Rd1
29.c3 Ng5 30.Rf2 Re1 31.h4 Nf7 32.g3 Nd6 33.Rg2 Rf1 34.Rf2 Nc4+ 35.Kf3 Rd1
36.Kg4 Nd6 37.Rf3 Re1 38.Kg5 Nf7+ 0-1

[Event "TORO 2016"]
[Site "Gatineau"]
[Date "2016.06.05"]
[Round "4"]
[White "Yang, Fan"]
[Black "Dunne, Francesco"]
[Result "1/2-1/2"]
[BlackElo "2197"]
[EventDate "2016.??.??"]
[WhiteElo "2021"]

1.e4 e5 2.Nf3 Nc6 3.Nc3 Nf6 4.Bb5 Bc5 5.O-O O-O 6.d3 Nd4 7.Nxd4 Bxd4 8.Bg5 c6
9.Bc4 h6 10.Be3 d5 11.exd5 cxd5 12.Bb3 Bg4 13.Qd2 Bxc3 14.bxc3 Rc8 15.f3 Bf5
16.f4 e4 17.Rac1 Re8 18.Rfe1 Re6 19.Bd4 Qa5 20.Rcd1 Bg4 21.Rc1 Bf5 22.h3 h5
23.Rcd1 Rce8 24.c4 Qxd2 25.Rxd2 exd3 26.Rxe6 Bxe6 27.cxd3 dxc4 28.dxc4 Rd8
29.Rd1 Ne4 30.Kf1 b6 31.Ke2 Nc5 32.Ke3 Nxb3 1/2-1/2

[Event "TORO 2016"]
[Site "Gatineau"]
[Date "2016.06.05"]
[Round "4"]
[White "Sadeghi, Saeid"]
[Black "Turcotte, Jonathan"]
[Result "1/2-1/2"]
[BlackElo "2060"]
[EventDate "2016.??.??"]
[SourceDate "2016.06.05"]
[WhiteElo "2169"]

1.d4 d5 2.Nf3 Nf6 3.e3 Bf5 4.c4 e6 5.Nc3 c6 6.Bd3 Bxd3 7.Qxd3 Nbd7 8.O-O Bb4
9.a3 Bxc3 10.bxc3 O-O 11.Nd2 Re8 12.f4 c5 13.Bb2 Rc8 14.Rae1 Nb6 15.cxd5 exd5
16.e4 dxe4 17.Nxe4 Nxe4 18.Rxe4 Rxe4 19.Qxe4 cxd4 20.cxd4 Qd5 21.Qxd5 Nxd5
22.Rc1 Rxc1+ 23.Bxc1 Kf8 24.Kf2 f5 25.Ke2 Ke7 26.Kd3 b5 27.Bd2 Ke6 28.g3 Nf6
29.Be1 Kd5 30.Kc3 Kc6 31.Kd3 Ng4 32.h3 Nf6 33.Bc3 Kd5 34.Be1 h5 35.Kc3 Kc6
36.Kd3 a6 37.Kc3 Nd5+ 38.Kd3 Nb6 39.Bb4 Kd5 40.Bf8 g6 41.Bc5 Nc4 42.Bf8 Nd6
43.Be7 Ne4 44.Bh4 a5 45.Bd8 b4 46.a4 b3 47.Bxa5 Nxg3 48.Bc3 Ne4 49.a5 Nf2+
50.Ke2 Nxh3 51.Ke3 Kc4 52.a6 Kxc3 53.a7 b2 54.a8=Q b1=Q 55.Qc6+ Kb2 56.Qb5+
Kc1 57.Qf1+ Kb2 58.Qb5+ Ka1 59.Qa4+ Qa2 60.Qd1+ 1/2-1/2

[Event "TORO 2016"]
[Site "Gatineau"]
[Date "2016.06.05"]
[Round "4"]
[White "Larochelle, Martial"]
[Black "Desjardins, Michel"]
[Result "1/2-1/2"]
[BlackElo "1959"]
[EventDate "2016.??.??"]
[WhiteElo "2175"]

1.d4 d5 2.c4 c6 3.Nf3 Nf6 4.Nc3 a6 5.e3 b5 6.b3 Bg4 7.Be2 Nbd7 8.O-O e6 9.Bb2
Bd6 10.Nd2 Bxe2 11.Qxe2 O-O 12.e4 dxe4 13.Ncxe4 Bb4 14.Nf3 Nxe4 15.Qxe4 Rc8
16.Rfd1 Nf6 17.Qe2 Qe7 18.Ne5 Ba3 19.Bc1 Bxc1 20.Raxc1 Nd7 21.Rc2 Nxe5
22.Qxe5 Rfd8 23.Rdc1 Qd6 24.cxb5 axb5 25.g3 g6 26.Rc5 Qxd4 27.Qxd4 Rxd4
28.Rxc6 Rxc6 29.Rxc6 b4 30.Ra6 e5 1/2-1/2

[Event "TORO 2016"]
[Site "Gatineau"]
[Date "2016.06.05"]
[Round "4"]
[White "Kuryliw, Ray"]
[Black "Simic, Dusan"]
[Result "1/2-1/2"]
[BlackElo "2165"]
[EventDate "2016.06.05"]
[WhiteElo "1987"]

1.d4 d6 2.g3 g6 3.Bg2 Bg7 4.c3 Nf6 5.Nd2 O-O 6.e4 Nc6 7.Ne2 e5 8.d5 Ne7 9.O-O
Nh5 10.Nc4 f5 11.f3 fxe4 12.fxe4 Rxf1+ 13.Qxf1 Bg4 14.Ne3 Bd7 15.c4 c6 16.Nc3
Qb6 17.Kh1 Rf8 18.Qe2 Nf6 19.b3 Kh8 20.Bb2 Bh6 21.Re1 Qd8 22.Ba3 Bxe3 23.Qxe3
Ng4 24.Qxa7 Nc8 25.Qxb7 c5 26.h3 Nf2+ 27.Kh2 Rf7 28.Rf1 Be8 29.Qxf7 Bxf7
30.Rxf2 1/2-1/2

[Event "TORO 2016"]
[Site "Gatineau"]
[Date "2016.06.05"]
[Round "4"]
[White "Lemieux, Serge"]
[Black "Léger, Manon"]
[Result "0-1"]
[BlackElo "2035"]
[EventDate "2016.06.05"]
[WhiteElo "1706"]

1.d4 d5 2.e3 Nf6 3.Bd3 Bg4 4.f3 Bh5 5.Nh3 Bg6 6.Nf4 Bxd3 7.Nxd3 Nbd7 8.Nd2 e6
9.b3 c5 10.c3 cxd4 11.cxd4 Bd6 12.f4 O-O 13.O-O Ne4 14.Bb2 Ndf6 15.Rf3 Rc8
16.Rc1 Qa5 17.b4 Rxc1 18.Nxc1 Bxb4 19.Ndb3 Qa6 20.Qd3 Qc6 21.a3 Be7 22.Na5
Qc7 23.Nab3 Rc8 24.Nc5 Nxc5 25.dxc5 Qxc5 26.Nb3 Qc4 27.Nc1 Ne4 28.Qd1 Qc2
0-1

[Event "TORO 2016"]
[Site "Gatineau"]
[Date "2016.06.05"]
[Round "4"]
[White "Palsson, Halldor"]
[Black "Bleau, John"]
[Result "1-0"]
[BlackElo "1955"]
[EventDate "2016.06.05"]
[WhiteElo "2055"]

1.d4 Nf6 2.c4 e6 3.Nc3 c5 4.d5 exd5 5.cxd5 d6 6.e4 g6 7.Nge2 Bg7 8.Ng3 O-O
9.Be2 a6 10.a4 Ne8 11.O-O b6 12.Be3 Nd7 13.Qd2 Ne5 14.h3 Qc7 15.f4 Nd7 16.Bf3
Bb7 17.Rad1 c4 18.Nge2 Nc5 19.Nd4 Rb8 20.Qe2 Nd7 21.Nc6 Bxc6 22.dxc6 Nc5
23.Nd5 Qd8 24.Qxc4 b5 25.axb5 Rxb5 26.b4 Ne6 27.f5 N6c7 28.fxg6 hxg6 29.Bg4
Nxd5 30.Rxd5 Nc7 31.Rd3 Qb8 32.Bd2 Be5 33.Rdf3 d5 34.exd5 Rxd5 35.Bh6 Bg7
36.Bf4 Rd4 37.Qa2 Rxb4 38.Bd6 Rb2 39.Qc4 1-0

[Event "TORO 2016"]
[Site "Gatineau"]
[Date "2016.06.05"]
[Round "4"]
[White "Libersan, Mattieu"]
[Black "Diver, Patrick"]
[Result "0-1"]
[BlackElo "1960"]
[EventDate "2016.06.05"]
[WhiteElo "2004"]

1.Nf3 d5 2.c4 e6 3.g3 Nf6 4.Bg2 Be7 5.O-O O-O 6.cxd5 exd5 7.d4 c6 8.Nc3 Bf5
9.Bf4 Nbd7 10.a3 a5 11.Ne5 Nxe5 12.Bxe5 Qd7 13.Na4 Qd8 14.Rc1 Nd7 15.Bf4 Re8
16.Qb3 b5 17.Rxc6 bxa4 18.Qxd5 Be6 19.Rxe6 fxe6 20.Qxe6+ Kh8 21.Bxa8 Bxa3
22.Qa2 Bb4 23.Bf3 Nb6 24.Be5 Nd7 25.Bc6 Rf8 26.Bxd7 Qxd7 27.Rc1 Qf5 28.f3 Rc8
29.Rxc8+ Qxc8 30.Qxa4 h6 31.Qd1 Qc4 32.Kg2 Qa2 33.d5 a4 34.d6 Ba5 35.d7 Bd8
36.Qd4 Qe6 37.Bxg7+ Kg8 38.e4 a3 39.bxa3 Qa2+ 40.Kh3 Qxa3 41.Bxh6 Qe7 42.Bd2
Qe6+ 43.g4 Qf7 44.Bc3 Qxf3# 0-1